000
00274nam a22001097a 4500
082
_a
080/CAR
100
_a
Carnegie, Dale
_9
82827
245
_a
HOW TO STOP WORRYING AND START LIVING
260
_a
Mumbai
_b
Jaico Publishing House
_c
2023
650
_a
MOTIVATIONAL
942
_c
BK
999
_c
67660
_d
67660